00554 2200169 4500001002100000008004100021035002000062245009700082100001500179260005000194300003300244020002200277084001600299082001000315650004600325990001300371INLIS000000000000256 ind  a0010-0120000256 aMembangun Akidah dan Akhlak 3buntuk Kelas IX Madrasah TsanawiyahcT. Ibrahim dan H. Darsono aIbrahim, T aSolo :bTiga Serangkai Pustaka Mandiri,c2013 axii, 100 hlm.c17,6 x 25 cm. a978-979-033-900-2 a2X5.1 IBR m a2X5.1 aAkidah dan Akhlak -- Studi dan Pengajaran a21900256